COMMUNITY HEALTH NURSING CLINICAL EXPERIENCE RECORD BOOK (Record no. 2456)

MARC details
000 -LEADER
fixed length control field 00393nam a2200133Ia 4500
008 - FIXED-LENGTH DATA ELEMENTS--GENERAL INFORMATION
fixed length control field 220530s9999 xx 000 0 und d
020 ## - INTERNATIONAL STANDARD BOOK NUMBER
International Standard Book Number 9789381579121
100 ## - MAIN ENTRY--PERSONAL NAME
Personal name CHANAGIRI S AURASANG
9 (RLIN) 61151
245 ## - TITLE STATEMENT
Title COMMUNITY HEALTH NURSING CLINICAL EXPERIENCE RECORD BOOK
250 ## - EDITION STATEMENT
Edition statement SECOND
260 ## - PUBLICATION, DISTRIBUTION, ETC. (IMPRINT)
Place of publication, distribution, etc. BANGLORE
Name of publisher, distributor, etc. EMMESS PUBLISHER
Date of publication, distribution, etc. 2012
650 ## - SUBJECT ADDED ENTRY--TOPICAL TERM
Topical term or geographic name as entry element COMMUNITY HEALTH NURSING
9 (RLIN) 61152
Holdings
Withdrawn status Lost status Damaged status Not for loan Home library Current library Date acquired Vendor Cost, normal purchase price Barcode Date last seen Bill Date Koha item type Original Barcode Source of classification or shelving scheme Bill number Full call number Cost, replacement price
        Sitabai Nargundkar College of Nursing Nagpur Sitabai Nargundkar College of Nursing Nagpur 28/06/2015 TEXTBOOK DONATED EMMS MEDICAL PUBLISHER 250.00 SNCN-BK-1564 31/05/2022 31/05/2022 Donated Book 1564        
        Sitabai Nargundkar College of Nursing Nagpur Sitabai Nargundkar College of Nursing Nagpur 27/06/2025 Donated by Kajal Ashwapal Motghare 560.00 SNCN-DB-305 07/05/2025 26/06/2025 Donated Book   Dewey Decimal Classification IK#2025-26#00583 610.73/AUR 560.00